00638nam a22001575i 4500001000700000003000900007005001700016008004100033040002000074100001900094245008200113260008500195300002100280650003400301852014500335158703ES-MaACL20230906211257.0040902s1889 fr |||| | fre d aCAM bspa cCAM1 aMarcou, Jules.14aLes géologues et la géologie du Jura jusqu'en 1870 / cpar Jules Marcou. aLons-le-Saunier : b[s.n.], c1889 (fImprimerie et lithographie Lucien Declume) a80 p. ; c24 cm. 4aEstratigrafía-xJurásico. aES-MaACLjT-903-F-7 z-- Enc. hol. conservando la cub. original z-- Legado de Federico de Botella y de Hornos z-- Enc. en un vol. facticio